000 00411nam a2200145 a 4500
005 20140414132123.0
008 131216s19uu xx 00 eng d
020 _a9788120749122
050 _aM 398.2
_bIll29 2009
245 _aIllustrated book of aesop's fables(The)= :
_bFabuloso esopo.
260 _aBarcelona, Spain :
_bParramon Ediciones,
_cc2009.
300 _a228
650 _aFables-
999 _c115146
_d115146